000 00589 a2200205 4500
001 58447
005 20260407155841.0
008 260407a1969 arg spa d
003 AR-UNSa-BCEJYS
040 _aAR-UNSa-BCEJYS
_bspa
_cAR-UNSa-BCEJYS
080 _a347.8(094.4)
_xCódigo Aeronáutico
245 1 0 _aCódigo aeronáutico
264 1 _aBuenos Aires :
_bVíctor P. de Zavalía
_c1969
300 _a238 p.
_c20 cm.
041 _aspa
942 _cBK
590 _aniveau_biblio:m niveau_hierar:0
100 1 _aArgentina [Código Aeronàutico]
700 1 _aZamora, Fernando Marcelo
999 _c6418
_d6418